000 00375pam a2200145a 44500
008 230405s2010 xxu||||| |||| 00| 0 eng d
041 _aENG
100 _aSACHDEVA R.C
245 _aFUNDAMENTALS OF ENGINEERING HEAT & MASS TRANSFER
260 _aNEW DELHI
_bNEW AGE INTERNATIONAL PUB
_c2010
300 _aP.B,XIII,672
650 _aMECH
690 _aMECH
906 _a2907
999 _c817102
_d817102